The manager's guide to financial statement analysis /

Obra sobre estados e información financiera, orientada a que gerentes y administradores puedan emplear dichos datos para el mejoramiento de sus organizaciones y dividida en dos grandes secciones, sobre la relación de los estados financieros con la estrategia de negocios y la valuación del mercado, r...

Descrizione completa

Salvato in:
Dettagli Bibliografici
Autore principale: Jablonsky, Stephen F. (autor)
Altri autori: Barsky, Noah P. (autor) (autor)
Natura: Libro
Lingua:inglese
Pubblicazione: Nueva York, EUA : Wiley, 2001, c2001
Edizione:2a edición
Soggetti:
Tags: Aggiungi Tag
Nessun Tag, puoi essere il primo ad aggiungerne!!

MARC

LEADER 00000nam^a2200000^a^4500
001 000119591
005 20250521000000.0
009 20260310094323.171
020 |a 0-471-40274-5 
037 |a Acervo ITESO - Biblioteca 
041 |a ING 
082 |a 658. 15  |b JAB 
100 |a Jablonsky, Stephen F.  |e (autor) 
245 1 4 |a The manager's guide to financial statement analysis /  |c S.F. Jablonsky, N.P. Barsky. 
250 |a 2a edición 
264 4 |a Nueva York, EUA :  |b Wiley,  |c 2001, c2001 
300 |a XXV, 262 p. 
336 |a texto  |b txt  |2 rdacontenido 
337 |a sin mediación  |b n  |2 rdamedio 
338 |a volumen  |b nc  |2 rdasoporte 
520 |a Obra sobre estados e información financiera, orientada a que gerentes y administradores puedan emplear dichos datos para el mejoramiento de sus organizaciones y dividida en dos grandes secciones, sobre la relación de los estados financieros con la estrategia de negocios y la valuación del mercado, respectivamente. 
649 |a XX 
650 |a Estados Financieros 
650 |a Finanzas 
650 |a Administración Financiera 
650 |a Planeación Estratégica 
650 |a Proceso Administrativo 
650 |a Mercado 
650 |a Ciencias Administrativas 
700 |a Barsky, Noah P.  |e (autor) 
910 |a Fondo General 
920 |a Impresos - Libros 
930 |a Colección General 
905 |a 101 
901 |a 0500054265  |b IT1  |c ACC  |u 20250521 
902 |a https://opac.biblio.iteso.mx/vufind/Record/000119591